Former and Present Countries, Dominions and Colonies of Denmark - Statistics

General Stats
  • This quiz has been taken 187 times
  • The average score is 10 of 19
Answer Stats
Name of Region % Correct
Greenland
94%
Sweden
90%
Iceland
88%
Germany
83%
Faroe Islands
77%
United Kingdom
73%
United States
70%
Estonia
55%
India
48%
Southern Schleswig
48%
Latvia
47%
Duchy of Estonia
45%
Ghana
40%
Skåneland
30%
Danish West Indies
24%
Danish Gold Coast
23%
Shetland and Orkney Islands
23%
Bishopric of Courland
13%
Danish India
11%
No matching quizzes found
Score Distribution
Percent of People with Each Score
Percentile by Number Answered
Your Score History
You have not taken this quiz